000
00312nam a22001337a 4500
008
171031b xxu||||| |||| 00| 0 eng d
020
_a
9780131947214
041
_a
eng
080
_2
5TH
_a
33
100
_a
58
101
_a
BUS
245
_a
ETHICS AND THE CONDUCT OF BUSINESS
_c
BOATRIGHT,J.R
942
_2
udc
_c
BK
999
_c
36756
_d
36756